01249nam a2200337 a 45000010008000000030009000080050017000170070003000340080031000370200015000680400030000830820030001131000031001432450100001742500013002742640051002873000046003383360027003843370035004113380030004465340048004765900026005246500054005506500058006047000035006627100012006979100042007099420012007519520131007639990017008940000403DO-SdBPM20251029130530.0ta091125s1990 sp a 000 0 spa d a8424154843 aDO-SdBPMbspacBPMSUerda 4aR372.2103 bJ45m 19902221 aJefferds, Vincent eautor 10aMi primer diccionario /c adaptación española Eladio Martínez B. de Quirós... [y otros] a2a. ed.  aLeón, España :bDisney enterprises, c1990 a78 páginas :bilustraciones ;c27 cm.  atextobtxt2rdacontent asin mediación bn2rdamedia  avolumen bnc2rdacarrier  pTítulo original :tVery First Dictionary  aInventariado, 2025/VM aEducación preescolar xDiccionarios infantiles. 7aEnciclopedias y diccionarios xLiteratura juvenil2 1 aMartínez B Quirós, Eladio 2 aDisney  a VMateo V. Control de calidad. BPMSU  2ddccBK 00102ddc40708CI-GaBPMETbBPMETd2025-10-29l0oBPMSU CGRI R372.2103 J45m 1990pBPMSU25100120r2025-10-29w2025-10-29yBK c15478d15478